000 00356nam a22001457a 4500
005 20250406051516.0
008 250406b |||||||| |||| 00| 0 eng d
082 _222
_a894
_bPUT
100 _aK.MU. Pulavar, Saathan
245 _aPuthiya Tamil Iyakkam
260 _aCXhennai
_bAnril Pathippagam
_c2007
300 _a152 p .,
650 _aPoems
942 _cL
999 _c6012
_d6012